| 000 | 00000nam 2200000zi 4500 |
| 001 | 9.930805 |
| 003 | CaOODSP |
| 005 | 20240131134036 |
| 006 | m o d f |
| 007 | cr mn||||||||| |
| 008 | 231124t20232023qucab ob f000 0 eng d |
| 020 | |a9780660690063 |
| 040 | |aCaOODSP|beng|erda|cCaOODSP |
| 043 | |an-cn-nu |
| 086 | 1 |aTU3-12/21-0214E-PDF |
| 110 | 2 |aTransportation Safety Board of Canada.|eauthor, |eissuing body. |
| 245 | 10|aPerson overboard and subsequent loss of life, fishing vessel Suvak, Davis Strait, approximately 120 NM northeast of Qikiqtarjuaq (Nunavut), 26 August 2021. |
| 264 | 1|aGatineau QC : |bTransportation Safety Board of Canada = Bureau de la sécurité des transports du Canada, |c2023. |
| 264 | 4|c©2023 |
| 300 | |a1 online resource (45 pages) : |billustrations, maps. |
| 336 | |atext|btxt|2rdacontent |
| 337 | |acomputer|bc|2rdamedia |
| 338 | |aonline resource|bcr|2rdacarrier |
| 490 | 1 |aMarine transportation safety investigation report ; |vM21C0214 |
| 500 | |aIssued also in French under title: Personne à la mer et perte de vie subséquente, navire de pêche Suvak, détroit de Davis, à environ 120 NM au nord-est de Qikiqtarjuaq (Nunavut), 26 août 2021. |
| 500 | |a"Released 07 December 2023." |
| 504 | |aIncludes bibliographical references. |
| 650 | 0|aMarine accidents|xInvestigation|zNunavut. |
| 775 | 08|tPersonne à la mer et perte de vie subséquente, navire de pêche Suvak, détroit de Davis, à environ 120 NM au nord-est de Qikiqtarjuaq (Nunavut), 26 août 2021.|w(CaOODSP)9.930806 |
| 830 | #0|aMarine transportation safety investigation report ;|vM21C0214.|w(CaOODSP)9.856045 |
| 856 | 40|qPDF|s1.50 MB|uhttps://publications.gc.ca/collections/collection_2024/bst-tsb/TU3-12-21-0214-eng.pdf |
| 856 | 4 |qHTML|sN/A|uhttps://www.bst-tsb.gc.ca/eng/rapports-reports/marine/2021/m21c0214/m21c0214.html |